000 00689nam a22002417a 4500
003 UA-OsUOA
001 30861
007 ta
008 20041116b un ||||| |||| 00| 0 ukr d
090 _a27(477)"988/1988"
_bM70
942 _cBK
040 _aUA-OsUOA
_beng
_cUA-OsUOA
_dUA-OsUOA
245 _aMillenium of Christianity in Ukraine a Symposium
300 _a304 с.
_bІлюстрації
955 _a1
041 _aeng
080 _a27(477)"988/1988"
020 _a919261-21-3
260 _aOttawa
_bSaint Paul University
_c1987
044 _aCA
650 7 _a27 Загальна історія Християнської церкви
_2UDC
999 _c317276
_d317276